000 01233nam a2200349Ia 4500
001 dia_5668
003 CHAP
005 20250529102318.0
007 ta
008 220117s1999 mx aob f 001 0 spa d
040 _cCHAP
_amxchpua
090 _aT.C.273
_bM37 SAI
_c1999
245 1 0 _aReporte del viaje de estudios del sistema mezcal, al estado de Oaxaca /
_ccoordinador Salvador Martínez Romero ; colaboración Nicte-Ha Calixto Escobar...[et al.]
260 _aMéxico :
_bEl autor,
_c1999
300 _a78 hojas :
_bilustraciones, tablas, mapas , fotos
336 _2rdacontent
_atexto
_btxt
337 _2rdamedia
_asin medio
_bn
338 _2rdacarrier
_avolumen
_bnc
502 _aViaje de Estudios
_b(SAI) --
_cUACh. Departamento de Ingeniería Agroindustrial,
_d1999
504 _aBibliografía : hoja 78
650 1 3 _aLicores
_966717
650 1 3 _aMezcal
_975353
650 1 3 _aLiqueurs
_9155399
700 1 _aMartínez Romero, Salvador
_ecoordinador
_9148726
700 1 _aCalixto Escobar, Nicté-Ha
_ecolaborador
_917518
901 _aT.C.273 M37 SAI 1999
902 _aM
905 _a5332271999 mx nb 8223123322spa16
942 _2local
942 _cVE
999 _c176684
_d176684